ఐరోపా లో దేశాలు - Statistics

General Stats
  • This quiz has been taken 5 times
  • The average score is 10 of 45
Answers on the Map
Answers color-coded by a green-red scale on the quiz's map according to % correct below.
 
Answer Stats
దేశం % Correct
ఇటలీ
75%
అల్బేనియా
50%
బెల్జియం
50%
పరాసుదేశం
50%
శర్మణ్యదేశం
50%
యవనదేశం
50%
స్పనదేశం
50%
ఆస్ట్రియా
25%
బెలారస్
25%
బల్గేరియా
25%
క్రొయేషియా
25%
చెక్ గణతంత్రం
25%
డెన్మార్క్
25%
ఎస్టోనియా
25%
ఫిన్లాండ్
25%
హంగేరి
25%
ఐస్లాండ్‌
25%
ఐర్లాండ
25%
లాట్వియా
25%
లిథువేనియా
25%
లక్సెంబర్గ్
25%
మోల్డోవా
25%
నార్వే
25%
పోలాండ్
25%
బుడతకీచుదేశం
25%
రొమేనియా
25%
రష్య
25%
స్వీడన్
25%
ఉక్రెయిన్
25%
బోస్నియా-హెర్జెగోవినా
25%
అండోరా
0%
కొసావో
0%
లీచ్టెనస్టేయిన్
0%
ఉత్తర మేసిడోనియా
0%
మాల్టా
0%
మొనాకో
0%
మొంటెనేగ్రో
0%
నెదర్లాండ్స్
0%
సాన్మారినో
0%
సేర్బియా
0%
స్లొవేకియా
0%
స్లొవేనియా
0%
స్విట్జర్లాండ్
0%
సంయుక్త రాజ్యం
0%
వాటికన్ నగరం
0%
No matching quizzes found
Score Distribution
Percent of People with Each Score
Percentile by Number Answered
Your Score History
You have not taken this quiz